00379nam a2200121Ia 4500008004100000040001700041041001200058082002200070100005200092245003500144260006700179300001100246230917s9999||||xx |||||||||||||| ||und|| e158908aMAIN aEnglish a030.954 I2I(1984) aIndia, Ministry of Information and Broadcasting 0aIndia 1984: A reference annual aNew DelhibIndia, Ministry of Information & Broadcastingc1906 a659 p.